|
|
|
|
| LEADER |
02921nam a2200733 4500 |
| 001 |
ocn794770302 |
| 003 |
OCoLC |
| 005 |
20170124070955.3 |
| 006 |
m o d |
| 007 |
cr |n||||||||| |
| 008 |
120515s2012 njua ob 001 0 eng d |
| 040 |
|
|
|a NhCcYBP
|b eng
|e pn
|c UBY
|d CDX
|d TEFOD
|d CUS
|d OCLCQ
|d DG1
|d OCLCF
|d OCLCO
|d YDXCP
|d UMI
|d UKBOL
|d CNSPO
|d K6U
|d TEFOD
|d OCLCQ
|d COO
|d OCLCQ
|d DEBBG
|d LOA
|d GrThAP
|
| 019 |
|
|
|a 809736164
|a 810071522
|a 844729473
|
| 020 |
|
|
|a 1118222407
|q (electronic bk.)
|
| 020 |
|
|
|a 9781118222409
|q (electronic bk.)
|
| 020 |
|
|
|a 9781118236369
|q (electronic bk.)
|
| 020 |
|
|
|a 111823636X
|q (electronic bk.)
|
| 020 |
|
|
|a 9781118531716
|q (electronic bk.)
|
| 020 |
|
|
|a 111853171X
|q (electronic bk.)
|
| 020 |
|
|
|z 9781118065716
|q (cloth)
|
| 020 |
|
|
|z 1118065719
|
| 029 |
1 |
|
|a AU@
|b 000050511448
|
| 029 |
1 |
|
|a CHBIS
|b 009914490
|
| 029 |
1 |
|
|a CHVBK
|b 175204365
|
| 029 |
1 |
|
|a DKDLA
|b 820120-katalog:000601050
|
| 029 |
1 |
|
|a NZ1
|b 15921932
|
| 029 |
1 |
|
|a DEBBG
|b BV043394582
|
| 035 |
|
|
|a (OCoLC)794770302
|z (OCoLC)809736164
|z (OCoLC)810071522
|z (OCoLC)844729473
|
| 037 |
|
|
|a CL0500000166
|b Safari Books Online
|
| 037 |
|
|
|a 467839BF-2A54-4A09-BDE6-FFFC7C3786CF
|b OverDrive, Inc.
|n http://www.overdrive.com
|
| 043 |
|
|
|a n-us---
|
| 050 |
|
4 |
|a HG181
|b .E38 2012
|
| 082 |
0 |
4 |
|a 332.1068/8
|2 23
|
| 084 |
|
|
|a BUS050020
|2 bisacsh
|
| 049 |
|
|
|a MAIN
|
| 100 |
1 |
|
|a Ehrlich, Evelyn,
|d 1950-
|
| 245 |
1 |
4 |
|a The financial services marketing handbook :
|b tactics and techniques that produce results /
|c Evelyn Ehrlich and Duke Fanelli.
|
| 250 |
|
|
|a 2nd ed.
|
| 264 |
|
1 |
|a Hoboken, N.J. :
|b Bloomberg Press,
|c [2012]
|
| 264 |
|
4 |
|c ©2012
|
| 300 |
|
|
|a 1 online resource.
|
| 336 |
|
|
|a text
|b txt
|2 rdacontent
|
| 337 |
|
|
|a computer
|b c
|2 rdamedia
|
| 338 |
|
|
|a online resource
|b cr
|2 rdacarrier
|
| 490 |
1 |
|
|a Bloomberg financial series
|
| 588 |
0 |
|
|a Print version record.
|
| 500 |
|
|
|a Series data from the jacket.
|
| 504 |
|
|
|a Includes bibliographical references and index.
|
| 650 |
|
0 |
|a Financial services industry
|z United States
|x Marketing.
|
| 650 |
|
0 |
|a Financial planners
|x Marketing.
|
| 650 |
|
0 |
|a Customer relations.
|
| 650 |
|
0 |
|a Financial services industry
|x Computer network resources.
|
| 650 |
|
7 |
|a Customer relations.
|2 fast
|0 (OCoLC)fst00885533
|
| 650 |
|
7 |
|a Financial planners
|x Marketing.
|2 fast
|0 (OCoLC)fst00924727
|
| 650 |
|
7 |
|a Financial services industry
|x Computer network resources.
|2 fast
|0 (OCoLC)fst00924742
|
| 650 |
|
7 |
|a Financial services industry
|x Marketing.
|2 fast
|0 (OCoLC)fst00924765
|
| 651 |
|
7 |
|a United States.
|2 fast
|0 (OCoLC)fst01204155
|
| 655 |
|
4 |
|a Electronic books.
|
| 655 |
|
7 |
|a Electronic books.
|2 local
|
| 700 |
1 |
|
|a Fanelli, Duke,
|d 1954-
|
| 776 |
0 |
8 |
|i Print version:
|z 9781118065716
|z 1118065719
|w (DLC) 2011041422
|
| 830 |
|
0 |
|a Bloomberg financial series.
|
| 856 |
4 |
0 |
|u https://doi.org/10.1002/9781118531716
|z Full Text via HEAL-Link
|
| 994 |
|
|
|a 92
|b DG1
|